000
00258nam a22001217a 4500
008
180308b xxu||||| |||| 00| 0 eng d
041
_a
eng
080
_a
610
100
_a
3
101
_a
SHM
245
_a
ADHD IN ADULTHOOD
_c
MARGARET.W
942
_2
udc
_c
BK
999
_c
44498
_d
44498